Central Library OPAC University of Rajshahi

American government : (Record no. 4435)

MARC details
000 -LEADER
fixed length control field 00907cam a22002652 4500
001 - CONTROL NUMBER
control field 4435
003 - CONTROL NUMBER IDENTIFIER
rucl marc code BD-RjUL
005 - DATE AND TIME OF LATEST TRANSACTION
control field 20211208233906.0
008 - FIXED-LENGTH DATA ELEMENTS--GENERAL INFORMATION
fixed length control field 131222s1950 nyuabh 001 0 eng
035 ## - SYSTEM CONTROL NUMBER
System control number OCLC ocm00813001 from D970512M
-- (BD-RjUL)4470
040 ## - CATALOGING SOURCE
Original cataloging agency DLC
Transcribing agency CWR
Modifying agency NRC
-- UKM
-- EQO
-- BD-RjUL
Language of cataloging eng
041 ## - LANGUAGE CODE
Language code of text/sound track or separate title eng
082 ## - DEWEY DECIMAL CLASSIFICATION NUMBER
Classification number 342.73
Author mark and year DIA 1950
100 1# - MAIN ENTRY--PERSONAL NAME
Personal name Dixon, Robert Galloway,
Dates associated with a name 1920-
9 (RLIN) 14018
245 10 - TITLE STATEMENT
Title American government :
Statement of responsibility, etc. by Robert G. Dixon and Elmer Plischke.
Remainder of title basic documents and materials /
260 ## - PUBLICATION, DISTRIBUTION, ETC. (IMPRINT)
Place of publication, distribution, etc. New York :
Name of publisher, distributor, etc. Van Nostrand,
Date of publication, distribution, etc. c1950
300 ## - PHYSICAL DESCRIPTION
Pagination xx, 420 p. :
Illustrations illus., maps, facsims. ;
Size 26 cm.
490 0# - SERIES STATEMENT
Series statement Van Nostrand political science series
504 ## - BIBLIOGRAPHY, ETC. NOTE
Bibliography, etc Includes Index.
651 #0 - SUBJECT ADDED ENTRY--GEOGRAPHIC NAME
Geographic name United States
General subdivision Politics and government
Form subdivision Sources.
9 (RLIN) 14019
700 1# - ADDED ENTRY--PERSONAL NAME
Personal name Plischke, Elmer,
Dates associated with a name 1914-2005
942 ## - ADDED ENTRY ELEMENTS (KOHA)
Source of classification or shelving scheme Dewey Decimal Classification
Koha item type Books
Holdings
Lost status Source of classification or shelving scheme Damaged status Not for loan Collection code Permanent Location Current Location Shelving location Date acquired Source of acquisition Cost, normal purchase price Total Checkouts Full call number Date last seen Copy number Koha item type
  Dewey Decimal Classification   Not For Loan Non-fiction Central Library, University of Rajshahi Central Library, University of Rajshahi Reading Room 26/02/1958 USIS Dhaka 0.00   342.73 DIA 1950 22/12/2013 C-1 Books